Statistics for Countries by Change in Carbon Dioxide Emissions

Click here to take the quiz!

General Stats

  • This quiz has been taken 16,313 times
    (8,740 since last reset)
  • The average score is 16 of 20

Answer Stats

Gain / Loss Country % Correct
-799,000United States
99%
6,790,000China
99%
1,470,000India
97%
-80,700Germany
96%
-62,000France
96%
-176,000United Kingdom
96%
-52,300Canada
93%
130,000Brazil
92%
-53,900Spain
91%
-94,800Italy
91%
236,000Indonesia
83%
293,000Iran
76%
256,000Saudi Arabia
76%
126,000South Korea
76%
141,000Turkey
72%
151,000Vietnam
63%
141,000Malaysia
58%
-28,300Greece
58%
-125,000Ukraine
57%
-27,400Belgium
52%

Score Distribution

Percentile by Number Answered

Percent of People with Each Score

Your Score History

You have not taken this quiz since the last reset